FlabberBapper's Geography Challenge #4 - Statistics

General Stats
  • This quiz has been taken 29 times
  • The average score is 6 of 8
Answer Stats
Hint Answer % Correct
Largest country Russia
100%
Last "-stan" country alphabetically Uzbekistan
100%
Country annexed by Nazi Germany in 1938 in the Anschluss Austria
91%
First country invaded after the September 11th attacks by the US Afghanistan
87%
Country whose capital and largest city is Bratislava Slovakia
87%
Country that exports the most gold China
57%
Country that declared Europe's first constitution Poland
57%
Final Answer Correct!
26%
No matching quizzes found
Score Distribution
Percent of People with Each Score
Percentile by Number Answered
Your Score History
You have not taken this quiz